Представление документа в формате MARC21

Поле Инд. ПП Название Значение
Тип записи a
Библиографический уровень m
001 Контрольный номер 5a5a1dc3d61e4e58b2bb40572169e9be
005 Дата корректировки 20250923113554.5
020 c Цена, тираж 0-00
084 a Индекс другой классификации/Индекс ББК 4
091 i Возрастная адресация (DOS) 16+
097 b Оператор Попеленкова
245 10 a Заглавие Цветок
n Номер части/ раздела 16
260 c Дата издания 2025
900 a Имя макрообъекта 000000380219
901 t Тип документа s